Nu xoru jnatrjo = Mi libro mazahua : primer grado : (Record no. 41746)
[ view plain ]
| 000 -CABECERA | |
|---|---|
| campo de control de longitud fija | 00603nam a2200205 a 4500 |
| 003 - IDENTIFICADOR DEL NÚMERO DE CONTROL | |
| campo de control | MX-MxUPN |
| 005 - FECHA Y HORA DE LA ÚLTIMA TRANSACCIÓN | |
| campo de control | 20241129095352.0 |
| 008 - ELEMENTOS DE LONGITUD FIJA--INFORMACIÓN GENERAL | |
| campo de control de longitud fija | 991125s1987 mx r 000 0 spa d |
| 020 ## - NÚMERO INTERNACIONAL NORMALIZADO PARA LIBROS | |
| Número Internacional Estándar del Libro | 9688047627 |
| 035 ## - NÚMERO DE CONTROL DEL SISTEMA | |
| Número de control de sistema | UPN01000041746 |
| 040 ## - FUENTE DE LA CATALOGACIÓN | |
| Centro catalogador/agencia de origen | MX-MxUPN |
| Lengua de catalogación | spa |
| Centro/agencia transcriptor | MX-MxUPN |
| 041 0# - CÓDIGO DE IDIOMA | |
| Código de lengua del texto/banda sonora o título independiente | spa |
| 050 #4 - SIGNATURA TOPOGRÁFICA DE LA BIBLIOTECA DEL CONGRESO | |
| Número de clasificación | LB1578 A3.39 |
| Número de documento/Ítem | S3.5 1987 |
| 100 1# - ASIENTO PRINCIPAL--NOMBRE PERSONAL | |
| Nombre de persona | Sánchez Gómez, Pablo |
| 9 (RLIN) | 29933 |
| 100 1# - ASIENTO PRINCIPAL--NOMBRE PERSONAL | |
| Nombre de persona | Carrillo Basilio, Balbino |
| 9 (RLIN) | 47393 |
| 245 10 - MENCIÓN DE TÍTULO | |
| Título | Nu xoru jnatrjo = Mi libro mazahua : primer grado : |
| Resto del título | Estado de México |
| 260 ## - PUBLICACIÓN, DISTRIBUCIÓN, ETC. | |
| Lugar de publicación, distribución, etc. | México : |
| Nombre del editor, distribuidor, etc. | SEP, |
| Fecha de publicación, distribución, etc. | 1987 |
| 300 ## - DESCRIPCIÓN FÍSICA | |
| Extensión | 95 páginas |
| 650 #4 - ASIENTO SECUNDARIO DE MATERIA - TERMINO TEMATICO | |
| Término de materia o nombre geográfico como elemento de entrada | Cartilla mazahua |
| 9 (RLIN) | 8083 |
| Estado de retiro | Estado de pérdida | Fuente del sistema de clasificación o colocación | Estado dañado | No para préstamo | Código de colección | Localización permanente | Ubicación/localización actual | Ubicación en estantería | Total de préstamos | Clasificación | Código de barras | Fecha visto por última vez | Número de copia | Tipo de ítem Koha | Fecha de adquisición |
|---|---|---|---|---|---|---|---|---|---|---|---|---|---|---|---|
| Library of Congress Classification | Coleccion SEP | Colección SEP | Bib. Gregorio Torres Quintero | Bib. Gregorio Torres Quintero | Colección SEP | LB1578 A3.39 S3.5 1987 | 133318 | 31/12/2020 | Ej.2 | Libro | |||||
| Library of Congress Classification | Coleccion SEP | Colección SEP | Bib. Gregorio Torres Quintero | Bib. Gregorio Torres Quintero | Colección SEP | LB1578 A3.39 S3.5 1987 | 106776 | 31/12/2020 | Libro | 09/05/2023 |
